00615nam a2200181Ia 4500003000900000008004100009040001600050080002100066245008500087260003300172300001500205650001800220650004100238700002700279942000700306999001500313952010500328IN-BaIIA211028s9999 xx 000 0 eng d cIIA Library a047.1:52bVIA-18 0aVistas in astronomy : Kepler four hundred yearsbvol. 18cedited by Beer, Arthur aOxfordbPergamon Pressc1975 axix,1034p. aAstronomy980 aAstronomy and Astrophysics Thesaurus aBeer, Peter, ed.99434 cBK c5424d5424 00104070aBANbBANcGENd1977-03-15l0o047.1:52/ VIA-18p6062r2021-11-05w1977-03-15yBK 175.00